000 00422nab a2200145Ia 4500
003 ES-SlBCS
005 20210601125258.0
008 140529s1993 xxu||||| |||| 00| 0 eng d
041 _aeng
100 1 _aMarkosian, Ned
_9152473
245 0 0 _aHow Fast Does Time Pass?
_c Ned Markosian
650 0 4 _aTiempo
_990216
773 0 _tPhilosophy and Phenomenological Research
_gvol. 53, 1993, págs. 829-844
_wRev1411
942 _cAR
999 _c527722
_d527722